000 00752nam a2200253Ia 4500
001 9857
003 GE_BSU
008 181216s||||||||xx |||||||||||||| ||und||
020 _a999284325x
040 _cGE_BSU
080 _a82-93:821.353.1-1
100 _aგათენაძე,ბექირ
245 _aციცინათელა
245 _bლექსები სკოლამდელთათვის
245 _cრედ:ჟუჟუნა ხაჯიშვილი.
260 _aბათუმი.
260 _bალიონი.
260 _c2005
300 _a112გვ;ილ;19სმ.
541 _h3ლ.
653 _aლექსები
653 _aციცინათელა
942 _cBK
999 _c43136
_d43136